000 00912nam a22001935i 4500
001 162468
003 ES-MaACL
005 20230906212531.0
008 990716m18561891po |||| | lat d
040 _aCCPB | B
_bspa
_cCCPB | B
245 0 0 _aPortugaliae monumenta historica
_b: a saeculo octavo post Christum usque ad quintumdecimum /
_cIussu Academiae Scientiarum Olisponensis edita.
260 _aOlisipone :
_b[s.n.],
_c1856-1891 (
_fTypis Academicis)
300 _av. ;
_c44 cm.
505 8 _aV. I. Scriptores (XXVII, 420 p.) -- V. I. Diplomata et chartae (VIII, 564 p.) -- V. I. Inquisitiones (454 p.) -- V. I. Legum et consuetudinum. Index generalis (p. 941-980)
650 4 _aMonumentos-
_zPortugal.
_9136539
710 2 _aAcademia das Ciências de Lisboa.
_91159
752 _aPortugal -
_dLisboa
852 _aES-MaACL
_jG-4094
_z-- Enc. pasta española
_q-- Sólo v-I, Inquisitiones, 1888 (454 p.)
999 _c162468
_d162468